Normal view MARC view

Entry Personal Name

Number of records used in: 2

001 - CONTROL NUMBER

  • control field: 18090

003 - CONTROL NUMBER IDENTIFIER

  • control field: MY-SjTCS

005 - DATE AND TIME OF LATEST TRANSACTION

  • control field: 20191205122237.0

008 - FIXED-LENGTH DATA ELEMENTS

  • fixed length control field: 100922nn aca||abb| a a|a d

039 #9 -

  • : 201107141632
  • : siew_eng
  • : 201009221714
  • : shuhada

040 ## - CATALOGING SOURCE

  • Original cataloging agency: VRT
  • Transcribing agency: VRT

100 1# - HEADING--PERSONAL NAME

  • Personal name: D'Annunzio-Green, Norma.

400 1# - SEE FROM TRACING--PERSONAL NAME

  • Personal name: Green, Norma D’Annunzio-

400 1# - SEE FROM TRACING--PERSONAL NAME

  • Personal name: Annunzio-Green, Norma d’

670 ## - SOURCE DATA FOUND

  • Source citation: Human resource management, 2005.:
  • Information found: t.p. (edited by Norma D'Annunzio-Green, Gillian A. Maxwell and Sandra Watson.)

999 ## -

  • : VIRTUA4 x

999 ## -

  • : VTLSSORT0080*0400*1000*4000*4001*6700*9991